Normal view
MARC view
Entry Topical Term
001 - CONTROL NUMBER
- control field: 7071
003 - CONTROL NUMBER IDENTIFIER
- control field: BD-RjUL
005 - DATE AND TIME OF LATEST TRANSACTION
- control field: 20230223134626.0
008 - FIXED-LENGTH DATA ELEMENTS
- fixed length control field: 230223|| aca||aabn | a|a d
040 ## - CATALOGING SOURCE
- Original cataloging agency: BD-RjUL
- Transcribing agency: BD-RjUL
150 ## - HEADING--TOPICAL TERM
- Topical term or geographic name entry element: Nymphaeales
- Form subdivision: Magnoliopsida
670 ## - SOURCE DATA FOUND
- Source citation: Work cat.: (BD-RjUL)81256: Zubair, Md. Abu 7070, Purification, Characterization and studies of Biological activity of a Novel lectin from nymphaea nouchali tuber / , 2013